000 00671nam a2200193 i 4500
001 94506
003 ES-MaACL
005 20251129063052.0
007 t|
008 050506s1958 sp ||||1| spa d
100 1 _aLorenzo-Velázquez, B.,
_d1901-1985
_974198
245 1 0 _aTerapéutica con sus fundamentos de farmacología experimental /
_cProf. Benigno Lorenzo-Velázquez.
250 _a8ª ed. totalmente reformada.
260 _aBarcelona :
_bCientífico Médica,
_c1958.
300 _aXVI, 1184 p., 3 lám. :
_b2 gráf. pleg., il. ;
_c25 cm.
852 _aES-MaACL
_jB-4698
_bR.42997
852 _aES-MaACL
_jC-18372
_bR.46842
999 _c94506
_d94506